| 000 | 01420nam a2200349 i 4500 | ||
|---|---|---|---|
| 001 | ELB59829 | ||
| 003 | FINmELB | ||
| 005 | 20250326043736.0 | ||
| 006 | m o u | ||
| 007 | cr cn||||||||| | ||
| 008 | 190507s2011 sp o 000 0 spa d | ||
| 020 | _z9788493871710 | ||
| 020 | _a9788494190490 (e-book) | ||
| 035 | _a(OCoLC)1149125570 | ||
| 040 |
_aFINmELB _bspa _erda _cFINmELB |
||
| 050 | 4 |
_aQD22.C8 _b.C875 2011 |
|
| 082 | 0 |
_a540.92 _223 |
|
| 100 | 1 |
_aCurie, Marie, _d1867-1934, _eauthor. |
|
| 245 | 1 | 0 |
_aEscritos biograficos / _cMarie Curie. |
| 264 | 1 |
_aBellaterra, Barcelona : _bUniversidad Autonoma de Barcelona, _c2011. |
|
| 300 | _a1 recurso en línea (251 pages) | ||
| 336 |
_atexto _btxt _2rdacontent/spa |
||
| 337 |
_acomputadora _bc _2rdamedia/spa |
||
| 338 |
_arecurso en línea _bcr _2rdacarrier/spa |
||
| 588 | _aDescripción basada en metadatos suministrados por el editor y otras fuentes. | ||
| 590 | _aRecurso electrónico. Santa Fe, Arg.: elibro, 2020. Disponible vía World Wide Web. El acceso puede estar limitado para las bibliotecas afiliadas a elibro. | ||
| 600 | 1 | 0 |
_aCurie, Marie, _d1867-1934. |
| 655 | 4 | _aLibros electrónicos. | |
| 776 | 0 | 8 |
_iPrint version: _aCurie, Marie. _tEscritos biograficos. _dBellaterra, Barcelona : Universidad Autonoma de Barcelona, 2011 _h251 pages _z9788493871710 |
| 797 | 2 | _aelibro, Corp. | |
| 856 | 4 | 0 | _uhttps://elibro.net/ereader/usam/59829 |
| 999 |
_c151909 _d151909 |
||